Assyrian Empire Countries - Statistics

General Stats
  • This quiz has been taken 890 times
  • The average score is 11 of 12
Answer Stats
Country % Correct
Iraq
99%
Iran
98%
Syria
96%
Turkey
96%
Israel
95%
Lebanon
92%
Saudi Arabia
92%
Egypt
91%
Jordan
91%
Kuwait
88%
Cyprus
67%
Sudan
63%
No matching quizzes found
Score Distribution
Percent of People with Each Score
Percentile by Number Answered
Your Score History
You have not taken this quiz